000 00744cam4a220021700 4500
001 zam00000419
008 951128s1988 xx eng u
020 _a3805540726
035 _a(Sirsi) r17939
035 _a(MACHINE)00643
245 0 0 _aMalaria immunology.
260 _aBasel :
_bKarger,
_c1988.
504 _aIncludes bibliographical references.
650 _aMalaria -- Immunological aspects.
_xMalaria -- Immunological aspects.
_6S56797.1
700 _aedited by P. Perlman and H. Wigzell.
_6A76533.1
700 1 _aWigzell, Hans, 1938-
_dWigzell, Hans, 1938-
_6A76534.1
700 _aPerlman, P.
_6A76535.1
949 _aQR/201/.M3
_wlcc
_i-14350
_p2500
_tBOOK
_lON-SHELF
004 17939
900 _51988
_8QR/201/.M3
_9MAL
_c1
_p2500
999 _c163975
_d163975